KAIYADEVA- NIGHANTUH (Record no. 16945)
[ view plain ]
| 000 -LEADER | |
|---|---|
| fixed length control field | 00350nam a22001457a 4500 |
| 003 - CONTROL NUMBER IDENTIFIER | |
| control field | SGT |
| 082 ## - DEWEY DECIMAL CLASSIFICATION NUMBER | |
| Classification number | 615.53 |
| Item number | K17S |
| 100 ## - MAIN ENTRY--PERSONAL NAME | |
| Personal name | SHARMA,PRIYAVRATA |
| 245 ## - TITLE STATEMENT | |
| Title | KAIYADEVA- NIGHANTUH |
| 260 ## - PUBLICATION, DISTRIBUTION, ETC. (IMPRINT) | |
| Place of publication, distribution, etc | VARANASI |
| Name of publisher, distributor, etc | CHAUKHAMBA PUB |
| Year of Publication | 2017 |
| 300 ## - PAGE DESCRIPTION | |
| No. of Pages | 696 |
| 650 ## - SUBJECT ADDED ENTRY--TOPICAL TERM | |
| Topical term or geographic name as entry element | AYURVEDA |
| 653 ## - KEYWORDS--INDEX TERM | |
| Keyword term | AYURVEDA NIGHANTU,KAIYADEVA NIGHANTUH, DRUG |
| 942 ## - ADDED ENTRY ELEMENTS (KOHA) | |
| Source of classification or shelving scheme | Dewey Decimal Classification |
| Koha item type | Books |
| 942 ## - ADDED ENTRY ELEMENTS (KOHA) | |
| -- | 1 |
| Withdrawn status | Lost status | Source of classification or shelving scheme | Damaged status | Not for loan | Collection code | Home library | Current library | Shelving location | Date acquired | Vendor Name | Cost, normal purchase price | SGTU | Bill Number | Total Checkouts | Full call number | Accession No. (Barcode) | Date last seen | Bill Date | Koha item type | Date last borrowed |
|---|---|---|---|---|---|---|---|---|---|---|---|---|---|---|---|---|---|---|---|---|
| Dewey Decimal Classification | AYURVEDA | SGT FA-FP Library | SGT FA-FP Library | Text Book | 18/02/2019 | CHAUKHAMBA PUB | 450.00 | SGTU | CP/B/986 | 615.53 K17S | FA10251 | 18/02/2019 | 12/02/2019 | Books | ||||||
| Dewey Decimal Classification | AYURVEDA | SGT FA-FP Library | SGT FA-FP Library | Text Book | 18/02/2019 | CHAUKHAMBA PUB | 450.00 | SGTU | CP/B/986 | 1 | 615.53 K17S | FA10252 | 25/09/2023 | 12/02/2019 | Books | 19/09/2023 | ||||
| Dewey Decimal Classification | AYURVEDA | SGT FA-FP Library | SGT FA-FP Library | Text Book | 18/02/2019 | CHAUKHAMBA PUB | 450.00 | SGTU | CP/B/986 | 4 | 615.53 K17S | FA10253 | 19/10/2022 | 12/02/2019 | Books | 07/10/2022 | ||||
| Dewey Decimal Classification | AYURVEDA | SGT FA-FP Library | SGT FA-FP Library | Text Book | 18/02/2019 | CHAUKHAMBA PUB | 450.00 | SGTU | CP/B/986 | 2 | 615.53 K17S | FA10254 | 26/11/2022 | 12/02/2019 | Books | 22/11/2022 | ||||
| Dewey Decimal Classification | AYURVEDA | SGT FA-FP Library | SGT FA-FP Library | Text Book | 18/02/2019 | CHAUKHAMBA PUB | 450.00 | SGTU | CP/B/986 | 1 | 615.53 K17S | FA10255 | 21/01/2026 | 12/02/2019 | Books | 07/01/2026 |